[Event "Tatry op"]
[Site "Tatranske Zruby"]
[Date "2015.10.01"]
[Round "7"]
[White "Kostelny, Jozef"]
[Black "Kopnicka, Henrieta"]
[Result "1-0"]
[WhiteElo "2198"]
[BlackElo "1776"]
[PlyCount "85"]
[EventDate "2015.09.26"]
[EventType "swiss"]
[EventRounds "9"]
[EventCountry "SVK"]
[SourceTitle "CBM 168 Extra"]
[Source "ChessBase"]
[SourceDate "2015.10.29"]
[SourceVersion "1"]
[SourceVersionDate "2015.10.29"]
[SourceQuality "1"]

1. d4 Nf6 2. c4 e6 3. Nc3 c5 4. d5 exd5 5. cxd5 d6 6. e4 Be7 7. Bd3 Nbd7 8. Nge2 a6 9. a4 0-0 10. 0-0 Ne5 11. Bc2 Rb8 12. f4 Ng6 13. Ng3 Bd7 14. e5 Ne8 15. Nce4 Qc7 16. f5 Nxe5 17. f6 Nxf6 18. Nxf6+ Bxf6 19. Rxf6 gxf6 20. Qh5 f5 21. Bh6 Ng6 22. Rf1 Qd8 23. Nxf5 Bxf5 24. Qxf5 Qe7 25. Bf4 f6 26. Bg3 Rbe8 27. h4 Ne5 28. Qf4 Rf7 29. Bf5 Rg7 30. Be6+ Kh8 31. h5 Rxg3 32. Qxg3 Qg7 33. Qf4 Rf8 34. a5 h6 35. b4 cxb4 36. Qxb4 Qc7 37. Rb1 Rb8 38. Qf4 Qg7 39. Rb3 Qg5 40. Qf2 Qc1+ 41. Kh2 Ng4+ 42. Bxg4 Qg5 43. Qf5 1-0

[Event "Liptovsky Mikulas CupT U20"]
[Site "Liptovsky Mikulas"]
[Date "2014.06.22"]
[Round "7.3"]
[White "Sahidi, Samir"]
[Black "Kopnicka, Henrieta"]
[Result "1-0"]
[WhiteElo "1991"]
[BlackElo "1777"]
[PlyCount "67"]
[EventDate "2014.06.19"]
[EventType "team-swiss"]
[EventRounds "7"]
[EventCountry "SVK"]
[SourceTitle "EXT 2015"]
[Source "ChessBase"]
[SourceDate "2014.11.20"]
[SourceVersion "1"]
[SourceVersionDate "2014.11.20"]
[SourceQuality "1"]
[WhiteTeam "Interchess (U18)"]
[BlackTeam "Kosice Slavia UPJS (U18)"]
[WhiteTeamCountry "SVK"]
[BlackTeamCountry "SVK"]

1. d4 Nf6 2. c4 g6 3. Nc3 Bg7 4. Nf3 0-0 5. Bf4 d6 6. e3 Nbd7 7. h3 c5 8. Be2 a6 9. 0-0 Rb8 10. Rb1 b6 11. b4 Bb7 12. Qc2 a5 13. a3 Nh5 14. Bh2 Bxf3 15. Bxf3 axb4 16. axb4 cxd4 17. exd4 Bxd4 18. Bxh5 gxh5 19. Nd5 Nf6 20. Qd3 Nxd5 21. cxd5 Bf6 22. Bf4 h4 23. b5 Qd7 24. Rfc1 Rfc8 25. Be3 e6 26. Rc6 Rxc6 27. bxc6 Qc7 28. Qe4 exd5 29. Qxd5 Bd8 30. Rb4 Bf6 31. Rg4+ Kh8 32. Bd4 Be5 33. f4 f5 34. fxe5 1-0

[Event "Liptovsky Mikulas CupT U20"]
[Site "Liptovsky Mikulas"]
[Date "2014.06.21"]
[Round "5.3"]
[White "Kopnicka, Henrieta"]
[Black "Simcakova, Julie"]
[Result "1-0"]
[WhiteElo "1777"]
[BlackElo "1494"]
[PlyCount "37"]
[EventDate "2014.06.19"]
[EventType "team-swiss"]
[EventRounds "7"]
[EventCountry "SVK"]
[SourceTitle "EXT 2015"]
[Source "ChessBase"]
[SourceDate "2014.11.20"]
[SourceVersion "1"]
[SourceVersionDate "2014.11.20"]
[SourceQuality "1"]
[WhiteTeam "Kosice Slavia UPJS (U18)"]
[BlackTeam "Postoupky (U18)"]
[WhiteTeamCountry "SVK"]
[BlackTeamCountry "CZE"]

1. c4 c5 2. Nc3 Nf6 3. g3 Nc6 4. Bg2 g6 5. e3 Bg7 6. Nge2 d6 7. 0-0 Be6 8. b3 d5 9. Nf4 Ne4 10. Nxe6 fxe6 11. Bxe4 dxe4 12. Bb2 0-0 13. Rb1 Qd3 14. Na4 b6 15. Qg4 Nd8 16. Bxg7 Kxg7 17. Nb2 Qc2 18. Qe2 Nc6 19. Rfc1 1-0

[Event "Liptovsky Mikulas CupT U20"]
[Site "Liptovsky Mikulas"]
[Date "2014.06.19"]
[Round "1.3"]
[White "Kopnicka, Henrieta"]
[Black "Sirosh, Ilja"]
[Result "0-1"]
[WhiteElo "1777"]
[BlackElo "2095"]
[PlyCount "52"]
[EventDate "2014.06.19"]
[EventType "team-swiss"]
[EventRounds "7"]
[EventCountry "SVK"]
[SourceTitle "EXT 2015"]
[Source "ChessBase"]
[SourceDate "2014.11.20"]
[SourceVersion "1"]
[SourceVersionDate "2014.11.20"]
[SourceQuality "1"]
[WhiteTeam "Kosice Slavia UPJS (U18)"]
[BlackTeam "St Petersburg (U18)"]
[WhiteTeamCountry "SVK"]
[BlackTeamCountry "RUS"]

1. c4 c6 2. Nc3 d5 3. d4 Nf6 4. e3 a6 5. a4 e6 6. Bd2 c5 7. Nf3 Nc6 8. dxc5 Bxc5 9. cxd5 exd5 10. h3 Bf5 11. Ne2 0-0 12. Bc3 Ne4 13. Ned4 Nxc3 14. bxc3 Be4 15. Bd3 Qa5 16. Qc2 Nxd4 17. Nxd4 Bxd4 18. exd4 Bxd3 19. Qxd3 Rfe8+ 20. Kd2 Rac8 21. Ra3 b5 22. Rha1 b4 23. Rb3 bxc3+ 24. Rxc3 Rc4 25. Raa3 Qb4 26. Qc2 Rxd4+ 0-1

[Event "SVK-ch U18 Girls"]
[Site "Stara Lubovna"]
[Date "2014.04.10"]
[Round "5"]
[White "Gregusova, Katarina"]
[Black "Kopnicka, Henrieta"]
[Result "0-1"]
[WhiteElo "1676"]
[BlackElo "1816"]
[PlyCount "61"]
[EventDate "2014.04.05"]
[EventType "tourn"]
[EventRounds "7"]
[EventCountry "SVK"]
[SourceTitle "EXT 2016"]
[Source "ChessBase"]
[SourceDate "2015.10.08"]
[SourceVersion "1"]
[SourceVersionDate "2015.10.08"]
[SourceQuality "1"]

1. d4 Nf6 2. c4 c5 3. Nf3 cxd4 4. Nxd4 e5 5. Nf3 Nc6 6. Nc3 Bb4 7. Bd2 0-0 8. a3 Bxc3 9. Bxc3 Re8 10. e3 d5 11. Be2 Qd7 12. 0-0 dxc4 13. Bxc4 Ne4 14. Qc2 Nd6 15. Ba2 Qf5 16. Qe2 Be6 17. Bxe6 Qxe6 18. Qc2 h6 19. Rfd1 Rad8 20. Rac1 Kh8 21. Nd2 Ne7 22. e4 Nc6 23. f3 Nb5 24. Kh1 Ncd4 25. Qa4 a6 26. Bxd4 Rxd4 27. Qc2 Rd6 28. Qb3 Qd7 29. Nc4 Nd4 30. Qe3 Rc6 31. b3 0-1

[Event "Wch U18 Girls"]
[Site "Al Ain"]
[Date "2013.12.23"]
[Round "9"]
[White "Kopnicka, Henrieta"]
[Black "Foster, Chantelle"]
[Result "1-0"]
[WhiteElo "1776"]
[BlackElo "1901"]
[PlyCount "73"]
[EventDate "2013.12.18"]
[EventType "swiss"]
[EventRounds "11"]
[EventCountry "UAE"]
[SourceTitle "CBM 158 Extra"]
[Source "ChessBase"]
[SourceDate "2014.02.28"]
[SourceVersion "1"]
[SourceVersionDate "2014.02.28"]
[SourceQuality "1"]

1. c4 e5 2. Nc3 Nf6 3. g3 d5 4. cxd5 Nxd5 5. Bg2 Nb6 6. Nf3 Nc6 7. 0-0 Be7 8. a3 Be6 9. b4 f5 10. d3 0-0 11. Rb1 Bf6 12. Bb2 Bf7 13. Nd2 Rb8 14. Nb3 Qe7 15. b5 Nd4 16. Na5 e4 17. e3 Ne6 18. dxe4 fxe4 19. Qc2 Ng5 20. Nxe4 Bxb2 21. Nxg5 Qxg5 22. Rxb2 c6 23. f4 Qe7 24. bxc6 Qxe3+ 25. Kh1 bxc6 26. Nxc6 Rbe8 27. Nxa7 Nc4 28. Rb7 Qxa3 29. Nb5 Qa5 30. Rxf7 Qxb5 31. Rxf8+ Rxf8 32. Rb1 Qc5 33. Rc1 Rc8 34. h3 Qd4 35. Qe2 Nb6 36. Rxc8+ Nxc8 37. Qe8# 1-0

[Event "Tatry op"]
[Site "Tatranske Zruby"]
[Date "2013.10.02"]
[Round "5"]
[White "Kopnicka, Henrieta"]
[Black "Bombek, Peter"]
[Result "0-1"]
[WhiteElo "1763"]
[BlackElo "2219"]
[PlyCount "56"]
[EventDate "2013.09.29"]
[EventType "swiss"]
[EventRounds "9"]
[EventCountry "SVK"]
[SourceTitle "CBM 156 Extra"]
[Source "ChessBase"]
[SourceDate "2013.10.22"]
[SourceVersion "1"]
[SourceVersionDate "2013.10.22"]
[SourceQuality "1"]

1. Nf3 d5 2. g3 Nf6 3. Bg2 c5 4. 0-0 Nc6 5. d3 e5 6. Nbd2 Be7 7. c4 0-0 8. cxd5 Nxd5 9. a3 Be6 10. Nc4 Bf6 11. Qc2 Rc8 12. Ne3 Nd4 13. Qd1 h6 14. Rb1 Re8 15. Nxd5 Bxd5 16. Nxd4 exd4 17. b4 Bxg2 18. Kxg2 Qd5+ 19. Kg1 c4 20. dxc4 Qxc4 21. Re1 Rc6 22. Rb3 Qb5 23. e3 Rec8 24. Bb2 dxe3 25. Rbxe3 Bxb2 26. Re8+ Rxe8 27. Rxe8+ Kh7 28. Qb1+ Rg6 0-1

[Event "Tatry op"]
[Site "Tatranske Zruby"]
[Date "2013.09.29"]
[Round "1"]
[White "Kopnicka, Henrieta"]
[Black "Beranek, Viktor"]
[Result "1-0"]
[WhiteElo "1763"]
[BlackElo "1544"]
[PlyCount "54"]
[EventDate "2013.09.29"]
[EventType "swiss"]
[EventRounds "9"]
[EventCountry "SVK"]
[SourceTitle "EXT 2023"]
[Source "ChessBase"]
[SourceDate "2022.10.05"]
[SourceVersion "1"]
[SourceVersionDate "2022.10.05"]
[SourceQuality "1"]

1. c4 e5 2. Nc3 Nf6 3. d3 Nc6 4. g3 Be7 5. Bg2 d6 6. Rb1 Rb8 7. Nf3 0-0 8. b4 Nd4 9. Nxd4 exd4 10. Nb5 c5 11. Nxa7 Ra8 12. Nxc8 Qxc8 13. bxc5 Rxa2 14. Bxb7 Qc7 15. cxd6 Bxd6 16. 0-0 Rb8 17. c5 Bxc5 18. Bf4 Bd6 19. Bxd6 Qxd6 20. Bf3 Rab2 21. Rxb2 Rxb2 22. Qa4 g6 23. Rc1 Rb4 24. Qa8+ Kg7 25. Rc6 Qd7 26. Qa2 Rb7 27. Rxf6 Ra7 1-0

[Event "SVK-ch U18 Girls"]
[Site "Lubovna"]
[Date "2013.04.12"]
[Round "9"]
[White "Kopnicka, Henrieta"]
[Black "Koselova, Zuzana"]
[Result "1-0"]
[WhiteElo "1741"]
[BlackElo "1890"]
[PlyCount "65"]
[EventDate "2013.04.06"]
[EventType "tourn"]
[EventRounds "10"]
[EventCountry "SVK"]
[SourceTitle "CBM 153 Extra"]
[Source "ChessBase"]
[SourceDate "2013.04.22"]
[SourceVersion "1"]
[SourceVersionDate "2013.04.22"]
[SourceQuality "1"]

1. c4 e5 2. Nc3 Nf6 3. g3 d5 4. cxd5 Nxd5 5. Bg2 c6 6. Nf3 f6 7. 0-0 Be6 8. d4 Nxc3 9. bxc3 Qa5 10. dxe5 Qxc3 11. Bf4 Nd7 12. exf6 Qxf6 13. Qd4 Be7 14. Bg5 Qxd4 15. Nxd4 Bc4 16. Bxe7 Kxe7 17. Rfc1 Nb6 18. Nf5+ Kf6 19. Nd6 Ba6 20. Ne4+ Kf7 21. Nc5 Bxe2 22. Nxb7 Rab8 23. Bxc6 Kf6 24. Bg2 Bc4 25. Nd6 Be6 26. Ne4+ Kf5 27. Rc5+ Kg6 28. Rc6 Kf5 29. Bh3+ Kxe4 30. Re1+ Kd4 31. Rd1+ Ke4 32. Rxe6+ Kf3 33. Re3# 1-0

[Event "SVK-ch U18 Girls"]
[Site "Lubovna"]
[Date "2013.04.11"]
[Round "8"]
[White "Gregusova, Katarina"]
[Black "Kopnicka, Henrieta"]
[Result "1/2-1/2"]
[WhiteElo "1539"]
[BlackElo "1741"]
[PlyCount "82"]
[EventDate "2013.04.06"]
[EventType "tourn"]
[EventRounds "10"]
[EventCountry "SVK"]
[SourceTitle "CBM 153 Extra"]
[Source "ChessBase"]
[SourceDate "2013.04.22"]
[SourceVersion "1"]
[SourceVersionDate "2013.04.22"]
[SourceQuality "1"]

1. d4 e6 2. c4 Nf6 3. Nc3 c5 4. Nf3 cxd4 5. Nxd4 Nc6 6. e3 Be7 7. Be2 0-0 8. 0-0 a6 9. b3 Qc7 10. Bb2 Rd8 11. Qd2 b6 12. Rfd1 Bb7 13. Qd3 Rac8 14. Bf3 Ne5 15. Qe2 Nxf3+ 16. Nxf3 Ng4 17. e4 Bc5 18. Rf1 f5 19. h3 Nh6 20. Rad1 Re8 21. Qd3 Rcd8 22. Rfe1 Be7 23. Bc1 fxe4 24. Nxe4 Nf7 25. Bb2 d5 26. Qc3 Bf8 27. Ng3 Nd6 28. cxd5 Qxc3 29. Bxc3 exd5 30. Nh5 Ne4 31. Bd4 Bc5 32. Nf4 Bxd4 33. Rxd4 Nc3 34. Rxe8+ Rxe8 35. Rd2 h6 36. Kf1 a5 37. Kg1 g5 38. Nd3 Ba6 39. Nc1 Be2 40. Nd4 Ba6 41. Nc2 Rc8 1/2-1/2

[Event "SVK-ch U18 Girls"]
[Site "Lubovna"]
[Date "2013.04.08"]
[Round "3"]
[White "Kopnicka, Henrieta"]
[Black "Gregusova, Katarina"]
[Result "1/2-1/2"]
[WhiteElo "1741"]
[BlackElo "1539"]
[PlyCount "44"]
[EventDate "2013.04.06"]
[EventType "tourn"]
[EventRounds "10"]
[EventCountry "SVK"]
[SourceTitle "CBM 153 Extra"]
[Source "ChessBase"]
[SourceDate "2013.04.22"]
[SourceVersion "1"]
[SourceVersionDate "2013.04.22"]
[SourceQuality "1"]

1. e4 e5 2. Nf3 Nf6 3. Nxe5 d6 4. Nf3 Nxe4 5. Nc3 Nxc3 6. dxc3 Be7 7. Be3 Bf5 8. Qd2 Nc6 9. 0-0-0 Bf6 10. Kb1 Qd7 11. h4 0-0-0 12. Bd3 h6 13. c4 a6 14. Rde1 Rde8 15. Bxf5 Qxf5 16. Bd4 Nxd4 17. Nxd4 Qg4 18. c3 Rxe1+ 19. Rxe1 Qxg2 20. Qf4 Qg6+ 21. Ka1 Kd7 22. Qe3 Bxd4 1/2-1/2

[Event "Tatry op"]
[Site "Tatranske Zruby"]
[Date "2012.09.29"]
[Round "8"]
[White "Komlosi, Frantisek"]
[Black "Kopnicka, Henrieta"]
[Result "0-1"]
[WhiteElo "1924"]
[BlackElo "1709"]
[PlyCount "126"]
[EventDate "2012.09.23"]
[EventType "swiss"]
[EventRounds "9"]
[EventCountry "SVK"]
[SourceTitle "EXT 2023"]
[Source "ChessBase"]
[SourceDate "2022.10.05"]
[SourceVersion "1"]
[SourceVersionDate "2022.10.05"]
[SourceQuality "1"]

1. e4 c5 2. Nf3 Nc6 3. d4 cxd4 4. Nxd4 Nf6 5. Nc3 d6 6. Be2 g6 7. 0-0 Bg7 8. Be3 0-0 9. Qd2 d5 10. Nxc6 bxc6 11. Rad1 Be6 12. exd5 Nxd5 13. Bd4 Nxc3 14. Qxc3 Bxd4 15. Rxd4 Qb6 16. b3 c5 17. Rh4 Rad8 18. Ra4 Rd6 19. Qg3 Rd4 20. Ra6 Qb7 21. Ra5 Qb6 22. Rb5 Qa6 23. Qe5 Rd5 24. Rb8 Rxe5 25. Rxf8+ Kxf8 26. Bxa6 c4 27. Rc1 Ra5 28. Bb7 Rxa2 29. b4 c3 30. Be4 Rb2 31. Kf1 Rxb4 32. f3 f5 33. Bd3 Bc4 34. Ke2 e5 35. Ra1 Bxd3+ 36. Kxd3 Rb7 37. Kxc3 Rc7+ 38. Kd3 Kg7 39. Ra6 Kh6 40. Ra5 e4+ 41. fxe4 fxe4+ 42. Kd2 e3+ 43. Kd3 Re7 44. Ke2 g5 45. Ra3 Kg6 46. Rxe3 Rxe3+ 47. Kxe3 Kf5 48. Kd4 Ke6 49. Kc5 Kd7 50. Kb5 Kc7 51. Ka6 Kb8 52. g4 h6 53. Ka5 Kb7 54. Kb5 a6+ 55. Kc5 Kc7 56. h3 Kb7 57. c3 Kc7 58. c4 Kb7 59. Kd6 a5 60. Kd7 Kb6 61. Kd6 Kb7 62. Kc5 Ka6 63. Kd6 Kb7 0-1

[Event "Tatry op"]
[Site "Tatranske Zruby"]
[Date "2012.09.25"]
[Round "4"]
[White "Jablonicky, Martin"]
[Black "Kopnicka, Henrieta"]
[Result "1-0"]
[WhiteElo "1827"]
[BlackElo "1709"]
[PlyCount "51"]
[EventDate "2012.09.23"]
[EventType "swiss"]
[EventRounds "9"]
[EventCountry "SVK"]
[SourceTitle "EXT 2023"]
[Source "ChessBase"]
[SourceDate "2022.10.05"]
[SourceVersion "1"]
[SourceVersionDate "2022.10.05"]
[SourceQuality "1"]

1. Nf3 Nf6 2. g3 g6 3. Bg2 Bg7 4. 0-0 0-0 5. d4 d6 6. c4 Nbd7 7. Nc3 c5 8. d5 a6 9. a4 Qc7 10. e4 Ng4 11. Nh4 Nge5 12. Qe2 f6 13. f4 Nf7 14. Nf3 Nh6 15. h4 Qd8 16. Bh3 f5 17. e5 dxe5 18. fxe5 Re8 19. e6 Nf6 20. Ne5 Nh5 21. Bxh6 Nxg3 22. Qe1 Nxf1 23. Bxg7 Kxg7 24. Nf7 Qc7 25. d6 exd6 26. Nd5 1-0

[Event "Tatry op"]
[Site "Tatranske Zruby"]
[Date "2012.09.25"]
[Round "3"]
[White "Kopnicka, Henrieta"]
[Black "Klanica, Anton"]
[Result "1/2-1/2"]
[WhiteElo "1709"]
[BlackElo "1853"]
[PlyCount "95"]
[EventDate "2012.09.23"]
[EventType "swiss"]
[EventRounds "9"]
[EventCountry "SVK"]
[SourceTitle "EXT 2023"]
[Source "ChessBase"]
[SourceDate "2022.10.05"]
[SourceVersion "1"]
[SourceVersionDate "2022.10.05"]
[SourceQuality "1"]

1. e4 e6 2. d4 d5 3. Nd2 Nf6 4. e5 Nfd7 5. Bd3 c5 6. c3 Nc6 7. Ne2 Qb6 8. Nf3 cxd4 9. cxd4 Bb4+ 10. Bd2 Bxd2+ 11. Qxd2 Qb4 12. a3 Qxd2+ 13. Nxd2 0-0 14. 0-0 Nb6 15. Rac1 Bd7 16. Rc2 Rac8 17. Rfc1 Nb8 18. Nc3 a6 19. Nb3 Na4 20. Na5 Nxc3 21. Rxc3 Rxc3 22. Rxc3 b6 23. Nb7 Rc8 24. Nd6 Rc6 25. Kf1 h6 26. Rxc6 Bxc6 27. Ke2 Kf8 28. f4 Bd7 29. Ke3 Ke7 30. f5 b5 31. fxe6 fxe6 32. Nb7 Bc6 33. Nc5 a5 34. Nb3 a4 35. Nd2 Be8 36. Be2 Kd8 37. g3 Kc7 38. Bg4 Bf7 39. b3 axb3 40. Nxb3 Nd7 41. Nc5 Nxc5 42. dxc5 Kd7 43. Be2 Kc6 44. Kd4 Be8 45. Bd3 Bf7 46. h4 Bh5 47. Bf1 Bf7 48. Bd3 1/2-1/2

[Event "EU-ch U16 Girls"]
[Site "Prague"]
[Date "2012.08.23"]
[Round "7"]
[White "Kopnicka, Henrieta"]
[Black "Branco, Joana Catarina Cost"]
[Result "1-0"]
[WhiteElo "1711"]
[BlackElo "1394"]
[PlyCount "79"]
[EventDate "2012.08.17"]
[EventType "swiss"]
[EventRounds "9"]
[EventCountry "CZE"]
[SourceTitle "CBM 150 Extra"]
[Source "ChessBase"]
[SourceDate "2012.10.19"]
[SourceVersion "1"]
[SourceVersionDate "2012.10.19"]
[SourceQuality "1"]

1. e4 c5 2. Nf3 Nc6 3. Nc3 g6 4. d4 cxd4 5. Nxd4 Bg7 6. Be3 Nf6 7. Bc4 0-0 8. 0-0 a6 9. f3 b5 10. Bb3 Na5 11. Qd2 Nxb3 12. axb3 Bb7 13. Bh6 Qb6 14. Bxg7 Kxg7 15. Qf2 Kh8 16. Rfd1 Rac8 17. b4 Rc4 18. Nb3 Qxf2+ 19. Kxf2 Rxb4 20. e5 Ng8 21. Rxd7 Rb8 22. Ra2 Kg7 23. Na5 Ba8 24. Ra7 Rd8 25. Ke2 Rbd4 26. Nb3 Rc4 27. R2xa6 b4 28. Rxa8 Rxa8 29. Rxa8 bxc3 30. bxc3 Rxc3 31. Kd2 Rc6 32. Ra7 e6 33. Nd4 Rb6 34. g4 Kf8 35. h3 Ne7 36. Rd7 Ke8 37. Ra7 Rb4 38. Rxe7+ Kf8 39. Rd7 Ke8 40. Rd8+ 1-0

[Event "EU-ch U16 Girls"]
[Site "Prague"]
[Date "2012.08.21"]
[Round "5"]
[White "Kopnicka, Henrieta"]
[Black "Hatasova, Michaela"]
[Result "1-0"]
[WhiteElo "1711"]
[BlackElo "1641"]
[PlyCount "167"]
[EventDate "2012.08.17"]
[EventType "swiss"]
[EventRounds "9"]
[EventCountry "CZE"]
[SourceTitle "CBM 150 Extra"]
[Source "ChessBase"]
[SourceDate "2012.10.19"]
[SourceVersion "1"]
[SourceVersionDate "2012.10.19"]
[SourceQuality "1"]

1. e4 c5 2. Nf3 d6 3. Bc4 Nc6 4. Qe2 a6 5. c3 Nf6 6. h3 e6 7. 0-0 Be7 8. Rd1 b5 9. Bb3 c4 10. Bc2 0-0 11. d4 cxd3 12. Bxd3 Qc7 13. Nbd2 Rd8 14. Nf1 h6 15. g4 e5 16. Ng3 d5 17. exd5 Nxd5 18. Be4 Be6 19. Nf5 Bc5 20. N3h4 Nf6 21. Bc2 Rxd1+ 22. Qxd1 Rd8 23. Qf3 e4 24. Qg3 Qxg3+ 25. Nxg3 Bd5 26. Be3 Bxe3 27. fxe3 Ne5 28. Kf2 Nc4 29. Nhf5 Kf8 30. b3 Nd6 31. Nxd6 Rxd6 32. Rd1 Rd7 33. Bxe4 Be6 34. Rxd7 Nxe4+ 35. Nxe4 Bxd7 36. Nc5 Bc8 37. Kg3 Ke7 38. b4 Kd6 39. e4 Ke5 40. Kf3 g6 41. h4 f5 42. gxf5 gxf5 43. Nd3+ Ke6 44. Nc5+ Ke5 45. Ke3 fxe4 46. Nxe4 Kd5 47. Nd2 Ke5 48. c4 bxc4 49. Nxc4+ Ke6 50. Kd4 Bd7 51. Ne5 Bb5 52. Ng4 h5 53. Ne3 Bc6 54. a3 Bb5 55. Ke4 Bc6+ 56. Kf4 Kf6 57. Nf5 Bd7 58. Ng3 Kg6 59. Ke5 Bb5 60. Ne4 Ba4 61. Nc5 Bb5 62. Ne6 Bc4 63. Nf4+ Kh6 64. Kf6 Bb5 65. Ne6 Bd3 66. Nd4 Bc4 67. a4 Bf1 68. b5 axb5 69. axb5 Bg2 70. b6 Bb7 71. Nf5+ Kh7 72. Nd6 Bf3 73. b7 Bxb7 74. Nxb7 Kh6 75. Nd6 Kh7 76. Kg5 Kg7 77. Kxh5 Kh7 78. Nf5 Kg8 79. Kg6 Kh8 80. h5 Kg8 81. Nh6+ Kh8 82. Nf7+ Kg8 83. h6 Kf8 84. h7 1-0

[Event "EU-ch U16 Girls"]
[Site "Prague"]
[Date "2012.08.17"]
[Round "1"]
[White "Kopnicka, Henrieta"]
[Black "Hincu, Olga"]
[Result "0-1"]
[WhiteElo "1711"]
[BlackElo "1931"]
[PlyCount "88"]
[EventDate "2012.08.17"]
[EventType "swiss"]
[EventRounds "9"]
[EventCountry "CZE"]
[SourceTitle "CBM 150 Extra"]
[Source "ChessBase"]
[SourceDate "2012.10.19"]
[SourceVersion "1"]
[SourceVersionDate "2012.10.19"]
[SourceQuality "1"]

1. e4 e6 2. d4 d5 3. Nd2 Nf6 4. e5 Nfd7 5. Bd3 c5 6. c3 Nc6 7. Ne2 cxd4 8. cxd4 f6 9. exf6 Nxf6 10. 0-0 Bd6 11. Nf3 0-0 12. Bf4 Bxf4 13. Nxf4 Ne4 14. Ne2 Qb6 15. b3 Bd7 16. Bxe4 dxe4 17. Ng5 Rad8 18. Nxe4 Be8 19. N4g3 Nxd4 20. Nxd4 Rxd4 21. Qc2 Bg6 22. Qb2 Qd6 23. a4 h5 24. Ra2 h4 25. Ne2 Rd1 26. Ra1 Rd2 27. Qc3 Rxe2 28. Rad1 Rexf2 29. Rfe1 Qf4 30. Qd4 Qxd4 31. Rxd4 e5 32. Rxh4 Bd3 33. h3 e4 34. Re3 Rb2 35. Rg4 Rxb3 36. h4 b5 37. axb5 Rxb5 38. Reg3 Rf7 39. Rg6 a5 40. Rd6 Rh5 41. Rd8+ Kh7 42. Rh3 Rf4 43. Ra8 Rfxh4 44. Rg3 Rf5 0-1

[Event "SVK-chT U20 final"]
[Site "Liptovsky Hradok"]
[Date "2012.04.27"]
[Round "1.4"]
[White "Michalek, Matej"]
[Black "Kopnicka, Henrieta"]
[Result "1-0"]
[WhiteElo "1810"]
[BlackElo "1708"]
[PlyCount "73"]
[EventDate "2012.04.27"]
[EventType "team-tourn"]
[EventRounds "5"]
[EventCountry "SVK"]
[SourceTitle "CBM 148 Extra"]
[Source "ChessBase"]
[SourceDate "2012.06.22"]
[SourceVersion "1"]
[SourceVersionDate "2012.06.22"]
[SourceQuality "1"]
[WhiteTeam "Povazska Bystrica"]
[BlackTeam "Kosice Slavia"]
[WhiteTeamCountry "SVK"]
[BlackTeamCountry "SVK"]

1. e4 c5 2. Nc3 Nc6 3. f4 e6 4. Nf3 d5 5. e5 Nge7 6. Ne2 Bd7 7. Ng3 Ng6 8. d4 Qb6 9. c3 cxd4 10. Nxd4 Nxd4 11. cxd4 Bb4+ 12. Kf2 Rc8 13. Be3 0-0 14. Bd3 Bb5 15. Qe2 Bxd3 16. Qxd3 Rc4 17. Rhc1 Nxf4 18. Qb3 Rxc1 19. Rxc1 Ng6 20. Qc2 f6 21. exf6 Rxf6+ 22. Kg1 Rf8 23. Qe2 Nf4 24. Qg4 Ng6 25. h4 e5 26. Nf5 Qf6 27. Rf1 Nf4 28. Ng3 Qd6 29. dxe5 Qxe5 30. Bxf4 Bc5+ 31. Kh2 Qxb2 32. Bc1 Qb6 33. Rxf8+ Kxf8 34. Qf5+ Ke7 35. Bg5+ Kd6 36. Qf8+ Ke6 37. Qe8+ 1-0

[Event "SVK-ch U16 Girls"]
[Site "Lubovnianske Kupele"]
[Date "2012.03.21"]
[Round "4"]
[White "Kopnicka, Henrieta"]
[Black "Celustkova, Lubica"]
[Result "1-0"]
[WhiteElo "1708"]
[BlackElo "1712"]
[PlyCount "65"]
[EventDate "2012.03.18"]
[EventType "tourn"]
[EventRounds "7"]
[EventCountry "SVK"]
[SourceTitle "CBM 147 Extra"]
[Source "ChessBase"]
[SourceDate "2012.04.24"]
[SourceVersion "1"]
[SourceVersionDate "2012.04.24"]
[SourceQuality "1"]

1. e4 d6 2. d4 Nf6 3. Nc3 g6 4. Be2 Bg7 5. Be3 Nbd7 6. Qd2 0-0 7. h3 c5 8. Nf3 a6 9. a4 b6 10. Bh6 Bb7 11. Bxg7 Kxg7 12. Qe3 Qc7 13. 0-0 Nb8 14. Rad1 Nc6 15. dxc5 bxc5 16. Nh4 Nd4 17. Bd3 Rab8 18. f4 e5 19. f5 c4 20. Be2 Nxc2 21. Qd2 Qc5+ 22. Rf2 Bxe4 23. fxg6 fxg6 24. Qxd6 Qxd6 25. Rxd6 Rxb2 26. Nxe4 Nxe4 27. Rd7+ Kh6 28. Rxf8 Ng3 29. Bxc4 e4 30. Rff7 Kg5 31. Rxh7 e3 32. Nf3+ Kf6 33. Rhf7# 1-0

[Event "SVK-ch U12 Girls"]
[Site "Liptovsky Mikulas"]
[Date "2007.04.25"]
[Round "5"]
[White "Kopnicka, Henrieta"]
[Black "Federicova, Ema"]
[Result "1-0"]
[WhiteElo "1350"]
[BlackElo "1350"]
[PlyCount "35"]
[EventDate "2007.04.22"]
[EventType "swiss"]
[EventRounds "7"]
[EventCountry "SVK"]
[SourceTitle "EXT 2008"]
[Source "ChessBase"]
[SourceDate "2007.11.25"]
[SourceVersion "1"]
[SourceVersionDate "2007.11.25"]
[SourceQuality "1"]

1. e4 e5 2. Nf3 Nc6 3. d4 d6 4. dxe5 dxe5 5. Qxd8+ Nxd8 6. Nxe5 Bb4+ 7. Bd2 Bd6 8. Nf3 Ne6 9. Bc4 Nf6 10. Nc3 0-0 11. 0-0 Ng4 12. h3 Ne5 13. Nxe5 Bxe5 14. Rad1 Bxc3 15. Bxc3 Re8 16. Bxe6 Rxe6 17. Rd8+ Re8 18. Rxe8# 1-0

[Event "SVK-ch U12 Girls"]
[Site "Liptovsky Mikulas"]
[Date "2007.04.22"]
[Round "1"]
[White "Kopnicka, Henrieta"]
[Black "Panisova, Monika"]
[Result "0-1"]
[WhiteElo "1350"]
[BlackElo "1432"]
[PlyCount "26"]
[EventDate "2007.04.22"]
[EventType "swiss"]
[EventRounds "7"]
[EventCountry "SVK"]
[SourceTitle "EXT 2008"]
[Source "ChessBase"]
[SourceDate "2007.11.25"]
[SourceVersion "1"]
[SourceVersionDate "2007.11.25"]
[SourceQuality "1"]

1. e4 e5 2. Nf3 Nc6 3. Bc4 Bc5 4. 0-0 Nf6 5. Nc3 d6 6. d3 Bg4 7. Bg5 Nd4 8. Bxf6 Qxf6 9. Nd5 Qd8 10. c3 Nxf3+ 11. gxf3 Bh3 12. Qe1 Qg5+ 13. Kh1 Qg2# 0-1